000 00844nam a2200253Ia 4500
003 OSt
005 20220930191627.0
006 a|||||r|||| 00| 0
007 ta
008 220926b |||||||| |||| 00| 0 eng d
024 _a9145
037 _cDissertations
040 _aCRL
_cCRL
_beng
041 _2eng
_aeng
100 _aBajaj M S
_9560339
110 _aUniversity of Delhi. Faculty of Medical Sciences. Department of Ophthalmology
_9520086
245 0 _aComparative study of the use of urea, mannitol and glycerol in Glaucoma
260 _c1966
650 _aEYE - DISEASES
_9197938
700 _a Dr K N Shukla Supervisor
_9526504
700 _aUniversity of Delhi. Faculty of Medical Sciences. Department of Ophthalmology
_9520088
942 _cDIS
_2CC
999 _c894186
_d894186